000 00500nam a2200169Ia 4500
999 _c35038
_d35038
003 OSt
005 20200625140230.0
008 190216s9999||||xx |||||||||||||| ||und||
020 _a9788176382861
040 _coclc
082 _a954
_bBAS/I
100 _aBasham, A L
_93038
245 0 _aIndiayenna Vismayam = The Wonder That Was India /
_cA L Basham
260 _bKerala Bhasha Institute,
_c2014.
_aTrivandrum:
300 _a775p
942 _cBK
_2ddc
_h954
_iBAS/I
_k954
_mBAS/I